Ten Steps to ITSM Success : A Practitioner's Guide to Enterprise IT Transformation. (Record no. 2322)

MARC details
005 - DATE AND TIME OF LATEST TRANSACTION
control field 20250515142651.0
020 ## - INTERNATIONAL STANDARD BOOK NUMBER
International Standard Book Number 978-1- 84928-456-1
082 ## - DEWEY DECIMAL CLASSIFICATION NUMBER
Classification number 658.403 ESP
100 ## - MAIN ENTRY--PERSONAL NAME
Author name ESPOSITO, A.
245 ## - TITLE STATEMENT
Title Ten Steps to ITSM Success : A Practitioner's Guide to Enterprise IT Transformation.
260 ## - PUBLICATION, DISTRIBUTION, ETC.
Place of publication, distribution, etc. United Kingdom,
Name of publisher, distributor, etc. IT Governance,
Date of publication, distribution, etc. 2013.
300 ## - PHYSICAL DESCRIPTION
Extent xvi, 248p.: ill.; figure, table
Other physical details Bibliographical References
Dimensions 222cm.
700 ## - ADDED ENTRY--PERSONAL NAME
Other authors/Editors ROGERS, T.
856 ## - ELECTRONIC LOCATION AND ACCESS
Link text Access Online Book
Electronic name Ten Steps to IT
Path www.itgovernance.co.uk
942 ## - ADDED ENTRY ELEMENTS (KOHA)
Source of classification or shelving scheme Dewey Decimal Classification
Koha item type Books
Holdings
Date last seen Total checkouts Full call number Barcode Cost, replacement price Price effective from Koha item type Lost status Source of classification or shelving scheme Damaged status Not for loan Withdrawn status Home library Current library Shelving location Date acquired Cost, normal purchase price
05/15/2025   658.403 ESP 0000008870 403050.00 05/15/2025 Books   Dewey Decimal Classification       College of Business Education Main Library College of Business Education Main Library General Collection 06/19/2017 134350.00
05/15/2025   658.403 ESP 0000008871 403050.00 05/15/2025 Books   Dewey Decimal Classification       College of Business Education Main Library College of Business Education Main Library General Collection 06/19/2017 134350.00
05/15/2025   658.403 ESP 0000008872 403050.00 05/15/2025 Books   Dewey Decimal Classification       College of Business Education Main Library College of Business Education Main Library General Collection 06/19/2017 134350.00
05/15/2025   658.403 ESP 0000008873 403050.00 05/15/2025 Books   Dewey Decimal Classification       College of Business Education Main Library College of Business Education Main Library General Collection 06/19/2017 134350.00
05/15/2025   658.403 ESP 0000008874 403050.00 05/15/2025 Books   Dewey Decimal Classification       College of Business Education Main Library College of Business Education Main Library General Collection 06/19/2017 134350.00